[Event "Ostravský koník 2017 - MÈR"]
[Site "Ostrava"]
[Date "2017.04.30"]
[Round "2"]
[White "Cernousek, Lukas"]
[Black "Caletka, Radomir"]
[Result "1/2-1/2"]
[WhiteElo "2462"]
[BlackElo "2349"]
[PlyCount "113"]

1. d4 Nf6 2. c4 e6 3. g3 Bb4+ 4. Bd2 a5 5. Bg2 d6 6. Nf3 Nc6 7. Nc3 e5 8. Nd5
Bxd2+ 9. Qxd2 O-O 10. O-O Re8 11. dxe5 Nxe5 12. Rac1 Ne4 13. Qc2 Nxf3+ 14. exf3
Nc5 15. f4 c6 16. Ne3 Qf6 17. Rfd1 h5 18. Rd2 Rd8 19. h4 g6 20. Rcd1 Kf8 21.
Rd4 Ke7 22. Bf3 Ne6 23. R4d3 Nc5 24. Ra3 Ra6 25. Qd2 a4 26. Qb4 Kf8 27. Rc3 Kg7
28. Rc2 Kf8 29. Rcd2 Kg7 30. Kg2 Kh7 31. Re2 Kg7 32. Qe1 Rb6 33. Qa5 Ra6 34.
Qb4 Kh7 35. Red2 Kg7 36. Re2 Kh7 37. Qd2 Rb6 38. Rde1 Kg7 39. Nd1 Be6 40. Ne3
Bc8 41. Rd1 Ra6 42. Qc2 Rb6 43. Red2 Ra6 44. Kh2 Rb6 45. Kg1 Ra6 46. Rb1 Ne6
47. Qd1 Nc5 48. Rd4 Rb6 49. Qd2 Ra6 50. Rd1 Rb6 51. f5 Bxf5 52. Nxf5+ Qxf5 53.
Rf4 Qe5 54. Re1 Qxb2 55. Re7 Qxd2 56. Rfxf7+ Kg8 57. Rg7+ 1/2-1/2

[Event "Ostravský koník 2017 - MÈR"]
[Site "Ostrava"]
[Date "2017.04.30"]
[Round "2"]
[White "Obsivac, Josef"]
[Black "Haba, Petr"]
[Result "1/2-1/2"]
[WhiteElo "2361"]
[BlackElo "2458"]
[PlyCount "42"]

1. d4 d5 2. c4 c6 3. Nf3 Nf6 4. Nc3 dxc4 5. a4 Bf5 6. e3 e6 7. Bxc4 Bb4 8. O-O
O-O 9. Qe2 Nbd7 10. e4 Bg6 11. Bd3 Bh5 12. e5 Nd5 13. Nxd5 cxd5 14. Qe3 Be7 15.
a5 Nb8 16. Bd2 a6 17. Ne1 Nc6 18. Nc2 Bg6 19. Bc3 b5 20. axb6 Qxb6 21. f4 Nb4
1/2-1/2

[Event "Ostravský koník 2017 - MÈR"]
[Site "Ostrava"]
[Date "2017.04.30"]
[Round "2"]
[White "Babula, Vlastimil"]
[Black "Didi, Jan"]
[Result "1-0"]
[WhiteElo "2559"]
[BlackElo "2050"]
[PlyCount "89"]

1. d4 d5 2. c4 e6 3. Nc3 Be7 4. Nf3 Nf6 5. Bf4 O-O 6. e3 c5 7. dxc5 Bxc5 8. Qc2
Nc6 9. a3 a6 10. Rd1 Qa5 11. Nd2 Qd8 12. Be2 e5 13. Bg5 d4 14. Nb3 Be7 15. O-O
h6 16. Bxf6 Bxf6 17. Bf3 Bd7 18. Nd5 Be6 19. Nc5 Rb8 20. b4 Bg5 21. Rfe1 Qd6
22. Nb3 f5 23. c5 Qd7 24. exd4 e4 25. Nb6 Bxb3 26. Qxb3+ Qf7 27. Qxf7+ Rxf7 28.
Bh5 Re7 29. d5 Ne5 30. d6 Re6 31. Nd5 g6 32. Nc7 Rf6 33. Be2 Rd8 34. a4 Kh7 35.
g3 h5 36. Kg2 h4 37. Rd5 Nd7 38. f3 hxg3 39. hxg3 exf3+ 40. Bxf3 Bh6 41. Re7+
Kg8 42. Rd1 a5 43. Bd5+ Kh8 44. Rh1 g5 45. Ne8 1-0

[Event "Ostravský koník 2017 - MÈR"]
[Site "Ostrava"]
[Date "2017.04.30"]
[Round "2"]
[White "Malinovsky, Karel"]
[Black "Rabatin, Jakub"]
[Result "1/2-1/2"]
[WhiteElo "2479"]
[BlackElo "2286"]
[PlyCount "159"]

1. e4 c5 2. Nf3 d6 3. d4 cxd4 4. Nxd4 Nf6 5. Nc3 a6 6. h3 e5 7. Nde2 h5 8. Bg5
Be6 9. Bxf6 Qxf6 10. Nd5 Qd8 11. Nec3 g6 12. Bc4 Bh6 13. O-O O-O 14. b4 Nc6 15.
Qd3 Rc8 16. Bb3 Qg5 17. Rad1 Bg7 18. Kh1 Kh8 19. a3 Nd4 20. Ne2 Qh4 21. Ng1 f5
22. Rde1 fxe4 23. Rxe4 Qd8 24. Rxd4 exd4 25. Qxg6 Qe8 26. Qe4 Bxd5 27. Qxd5 Qe5
28. Qxb7 Qb5 29. Qxb5 axb5 30. Ne2 Rce8 31. Nc1 Ra8 32. Nd3 h4 33. Ra1 Ra7 34.
a4 bxa4 35. Rxa4 Rxa4 36. Bxa4 Bh6 37. g4 hxg3 38. fxg3 Rf1+ 39. Kg2 Ra1 40.
Bb3 Bd2 41. Kf3 Ra8 42. Ke4 Rb8 43. Kxd4 Bxb4 44. Kd5 Ba3 45. Ke4 Kg7 46. Kf5
Rf8+ 47. Kg4 Bc5 48. h4 Be3 49. Nb4 Bd4 50. Nd5 Be5 51. Ne3 Rf2 52. Nc4 Kf6 53.
Nb6 Ke7 54. Nd5+ Kf8 55. Ne3 Kg7 56. Bc4 Rf8 57. Bd3 Kf6 58. Kh3 Kg7 59. Nf5+
Kf6 60. g4 Bf4 61. g5+ Bxg5 62. hxg5+ Kxg5 63. Nxd6 Kf4 64. Kg2 Ke3 65. Nf5+
Kd2 66. Kf3 Rc8 67. Nd4 Re8 68. Nb3+ Kc3 69. Nc5 Re7 70. Ne4+ Kd4 71. Nf2 Re3+
72. Kf4 Re8 73. Bf5 Re2 74. Kf3 Re7 75. Nd1 Re1 76. Nf2 Re7 77. Ne4 Rc7 78. Nf2
Rf7 79. Kf4 Rxf5+ 80. Kxf5 {Ke5+ Ke4+} 1/2-1/2

[Event "Ostravský koník 2017 - MÈR"]
[Site "Ostrava"]
[Date "2017.04.30"]
[Round "2"]
[White "Postupa, Pavel"]
[Black "Biolek, Richard"]
[Result "1/2-1/2"]
[WhiteElo "2202"]
[BlackElo "2445"]
[PlyCount "75"]

1. e4 e5 2. Nf3 Nc6 3. Bb5 a6 4. Ba4 Nf6 5. O-O Be7 6. Re1 b5 7. Bb3 O-O 8. c3
d5 9. exd5 Nxd5 10. Nxe5 Nxe5 11. Rxe5 c6 12. d3 Bd6 13. Re1 Bf5 14. Qf3 Qh4
15. g3 Qh3 16. Be3 Bg4 17. Qg2 Qh5 18. Nd2 Kh8 19. Bd1 Bxd1 20. Raxd1 f5 21.
Qf3 Qg6 22. Bd4 f4 23. g4 Rad8 24. Ne4 Rfe8 25. b4 Be5 26. Bxe5 Rxe5 27. d4 Re7
28. Nc5 Rde8 29. Rxe7 Rxe7 30. Nd3 Nxc3 31. Nxf4 Qe4 32. Qxc3 Qxf4 33. Qg3 Qe4
34. Rd3 h6 35. Re3 Qb1+ 36. Kg2 Rxe3 37. Qxe3 Qxb4 38. Qe8+ 1/2-1/2

[Event "Ostravský koník 2017 - MÈR"]
[Site "Ostrava"]
[Date "2017.04.30"]
[Round "2"]
[White "Kanakova, Natalie"]
[Black "Velicka, Petr"]
[Result "0-1"]
[WhiteElo "2112"]
[BlackElo "2432"]
[PlyCount "196"]

1. e4 e5 2. Nf3 Nf6 3. Nxe5 d6 4. Nf3 Nxe4 5. Nc3 Nf6 6. d4 d5 7. Bd3 Bg4 8. h3
Bh5 9. Bg5 Be7 10. O-O O-O 11. Re1 Nc6 12. Be2 Nd7 13. Bf4 Nb6 14. Ne5 Bxe2 15.
Rxe2 Nxe5 16. Bxe5 Qd7 17. Qd3 f6 18. Bf4 c6 19. Rae1 Rfe8 20. b3 Bb4 21. Rxe8+
Rxe8 22. Rxe8+ Qxe8 23. Qe2 Qxe2 24. Nxe2 Kf7 25. c3 Be7 26. f3 Nd7 27. Nc1 h5
28. Nd3 h4 29. Bd2 Ke6 30. Kf2 Kf5 31. Ke3 Bd6 32. Be1 g5 33. f4 Bxf4+ 34. Nxf4
gxf4+ 35. Kf3 Nf8 36. Bxh4 Ne6 37. Ke2 b5 38. b4 Nd8 39. Kf3 Nf7 40. Ke2 Nd6
41. Kf3 Ne4 42. Be1 Ng5+ 43. Kf2 Ke4 44. h4 Nf7 45. Ke2 Nh6 46. Bf2 Nf5 47. h5
Nh6 48. Be1 Kf5 49. Bd2 Kg4 50. Kf2 Nf5 51. Bc1 Kg5 52. h6 Nxh6 53. Kf3 Kf5 54.
Bxf4 Nf7 55. g4+ Kg6 56. Kf2 Nd8 57. Kg2 Ne6 58. Kf3 Nf8 59. Bb8 a6 60. Bd6 Nh7
61. Bf4 f5 62. gxf5+ Kxf5 63. Bd2 Nf6 64. Be1 Ne4 65. Ke3 Kg4 66. Ke2 Nd6 67.
Bd2 Kg3 68. Bh6 Nc4 69. Bc1 Kg4 70. Bh6 Nd6 71. Bd2 Nf5 72. Bc1 Ng3+ 73. Kd3
Kf3 74. Bd2 Ne4 75. Be1 Nd6 76. Bd2 Nc4 77. Bc1 Kf2 78. Bd2 Kf1 79. Bg5 Ke1 80.
Kc2 Nd6 81. Bf4 Ne4 82. Bh6 Ke2 83. Bf4 Nf2 84. Bh6 Nh3 85. Bc1 Ng1 86. Bf4 Nf3
87. Bg3 Ke3 88. Bd6 Ne1+ 89. Kd1 Ng2 90. Kc2 Ke2 91. Bg3 Ne3+ 92. Kb3 Kd3 93.
Bh4 Nd1 94. Be1 Ke2 95. Bg3 Kd2 96. Bf4+ Kd3 97. Bd6 Nxc3 98. Bc5 Ne2 0-1

[Event "Ostravský koník 2017 - MÈR"]
[Site "Ostrava"]
[Date "2017.04.30"]
[Round "2"]
[White "Sikora, Jan"]
[Black "Voloshin, Leonid"]
[Result "1/2-1/2"]
[WhiteElo "2204"]
[BlackElo "2406"]
[PlyCount "80"]

1. e4 c6 2. d4 d5 3. exd5 cxd5 4. Bd3 Nc6 5. c3 Nf6 6. Bf4 g6 7. Nf3 Bg7 8.
Nbd2 O-O 9. h3 a6 10. O-O Bf5 11. Qe2 Bxd3 12. Qxd3 e6 13. Rfe1 Rc8 14. Ne5 Nd7
15. Nxc6 Rxc6 16. Nf3 Re8 17. Ne5 Nxe5 18. Bxe5 b5 19. Bxg7 Kxg7 20. a3 Qc7 21.
Re3 Rc8 22. Rae1 Rc4 23. Rf3 a5 24. Qd2 b4 25. axb4 axb4 26. Qg5 bxc3 27. bxc3
Rxc3 28. Qf6+ Kg8 29. Rxc3 Qxc3 30. Rxe6 Qc1+ 31. Kh2 fxe6 32. Qxe6+ Kf8 33.
Qf6+ Kg8 34. Qe6+ Kg7 35. Qe7+ Kg8 36. Qe6+ Kg7 37. Qe7+ Kg8 38. Qe6+ Kg7 39.
Qe7+ Kg8 40. Qe6+ Kg7 1/2-1/2

[Event "Ostravský koník 2017 - MÈR"]
[Site "Ostrava"]
[Date "2017.04.30"]
[Round "2"]
[White "Blatny, Pavel"]
[Black "Vanek, Tomas"]
[Result "1/2-1/2"]
[WhiteElo "2388"]
[BlackElo "2134"]
[PlyCount "88"]

1. b3 e5 2. Bb2 Nc6 3. e3 d6 4. g3 f5 5. Bg2 Nf6 6. Ne2 Qe7 7. d4 Bd7 8. a3 g5
9. h4 g4 10. c4 Bg7 11. Nbc3 exd4 12. exd4 f4 13. gxf4 O-O-O 14. h5 Bh6 15. d5
Nb8 16. Qd4 Rhe8 17. O-O-O Qe5 18. Qxa7 Bxf4+ 19. Kb1 Qf5+ 20. Ka2 Be5 21. Nd4
Bxd4 22. Qxd4 Re5 23. c5 dxc5 24. Nb5 Nc6 25. Na7+ Nxa7 26. Qxe5 Qxf2 27. Rhg1
Ne8 28. Rdf1 Qd2 29. Rf7 Nd6 30. Rxh7 Nab5 31. Rh8 Be8 32. Bf1 Nxa3 33. Rg2 Qd1
34. Bxa3 Qxf1 35. Rxg4 c4 36. bxc4 Qd1 37. Rg2 Qa4 38. Qc3 Ne4 39. Qb4 Qd1 40.
Bb2 b6 41. h6 Kb7 42. Qa3 Nd6 43. Qb3 Ra8+ 44. Ba3 Qxb3+ 1/2-1/2

[Event "Ostravský koník 2017 - MÈR"]
[Site "Ostrava"]
[Date "2017.04.30"]
[Round "2"]
[White "Worek, Joanna"]
[Black "Sikorova, Olga"]
[Result "1-0"]
[WhiteElo "2330"]
[BlackElo "2206"]
[PlyCount "113"]

1. d4 Nf6 2. c4 g6 3. g3 Bg7 4. Bg2 c5 5. Nf3 O-O 6. O-O d6 7. Nc3 Nc6 8. h3
cxd4 9. Nxd4 Bd7 10. Nc2 Qc8 11. Kh2 Na5 12. b3 Ng4+ 13. hxg4 Bxc3 14. Bh6 Bg7
15. Bxg7 Kxg7 16. Qd4+ f6 17. Ne3 Nc6 18. Bxc6 bxc6 19. f3 h6 20. Rad1 a5 21.
Qe4 Qe8 22. Rh1 Qf7 23. Ng2 Rfb8 24. Rb1 c5 25. Nf4 Ra6 26. Qe3 Ra7 27. Kg2 g5
28. Nd5 Bc6 29. Nc3 Rab7 30. Qd3 Qg6 31. e4 Qf7 32. Nd1 Bd7 33. Ne3 Rh8 34. Qd2
Ra7 35. Nd5 Qe8 36. a4 Qd8 37. Nc3 Be8 38. Nb5 Ra8 39. Rbd1 Bf7 40. Qc3 Qb6 41.
Rd2 Be8 42. Rhd1 Bxb5 43. cxb5 Qb7 44. Rd5 h5 45. Rxg5+ Kf7 46. Qc4+ e6 47.
Rxh5 Rxh5 48. gxh5 Rd8 49. h6 Qe7 50. g4 Kg6 51. Qc3 Kxh6 52. Qxa5 Kg6 53. Qd2
f5 54. Rh1 Qg7 55. exf5+ exf5 56. Rh5 Kf6 57. Qc3+ 1-0

[Event "Ostravský koník 2017 - MÈR"]
[Site "Ostrava"]
[Date "2017.04.30"]
[Round "2"]
[White "Bartos, Jan"]
[Black "Kovar, Vojtech"]
[Result "1/2-1/2"]
[WhiteElo "2157"]
[BlackElo "2326"]
[PlyCount "104"]

1. d4 d5 2. Bf4 c5 3. e3 Nc6 4. c3 Nf6 5. Nd2 e6 6. Ngf3 Be7 7. Ne5 Nxe5 8.
Bxe5 Bd7 9. Bd3 Bc6 10. Qe2 Qb6 11. Rb1 O-O 12. O-O Rfc8 13. dxc5 Qxc5 14. b4
Qb6 15. b5 Be8 16. c4 Nd7 17. Bd4 Bc5 18. cxd5 exd5 19. Nb3 Bxd4 20. exd4 Qf6
21. Qh5 Nf8 22. Qxd5 b6 23. Rfc1 Bd7 24. Qe5 Qh6 25. Qe3 Qd6 26. Rxc8 Rxc8 27.
Rc1 Re8 28. Qd2 g6 29. Bc4 Rd8 30. Qg5 Be6 31. d5 Bc8 32. Nd4 Re8 33. Nc6 Bd7
34. Qg3 Qf6 35. h3 h5 36. Nxa7 Nh7 37. Nc6 Ng5 38. a4 h4 39. Qc3 Qf4 40. Nd4
Re4 41. Ne2 Qd6 42. Bd3 Rxa4 43. Qc7 Qxd5 44. Bc4 Qd2 45. Qxb6 Rxc4 46. Rxc4
Qxe2 47. Qd8+ Kg7 48. Rxh4 Qd1+ 49. Kh2 Qd6+ 50. Kg1 Qd1+ 51. Kh2 Qd6+ 52. Kg1
Qd1+ 1/2-1/2

[Event "Ostravský koník 2017 - MÈR"]
[Site "Ostrava"]
[Date "2017.04.30"]
[Round "2"]
[White "Kabelka, Ondrej"]
[Black "Kozusek, Daniel"]
[Result "1/2-1/2"]
[WhiteElo "2069"]
[BlackElo "2264"]
[PlyCount "46"]

1. d4 f5 2. g3 Nf6 3. Bg2 e6 4. c4 d5 5. Nh3 c6 6. O-O Bd6 7. Nd2 O-O 8. Nf3
Nbd7 9. Nf4 Re8 10. b3 b6 11. Nd3 Ba6 12. cxd5 exd5 13. e3 Ne4 14. Bb2 Qe7 15.
Re1 Rac8 16. Rc1 Ba3 17. Bxa3 Qxa3 18. Nde5 Ndf6 19. Rc2 Qd6 20. Qc1 c5 21. Qa3
Bb5 22. Qxa7 Rc7 23. Qa3 Rec8 1/2-1/2

[Event "Ostravský koník 2017 - MÈR"]
[Site "Ostrava"]
[Date "2017.04.30"]
[Round "2"]
[White "Freisler, Pavel"]
[Black "Bures, Martin"]
[Result "0-1"]
[WhiteElo "2256"]
[BlackElo "2084"]
[PlyCount "182"]

1. Nf3 d5 2. g3 Nf6 3. Bg2 g6 4. c4 c6 5. b3 Bg7 6. Bb2 O-O 7. O-O Bg4 8. d3
Bxf3 9. Bxf3 Nbd7 10. Nd2 e6 11. Qc2 Re8 12. e4 d4 13. b4 a5 14. bxa5 c5 15.
Nb3 Ne5 16. Bg2 Nfd7 17. Bc1 Qc7 18. Bd2 Nc6 19. f4 Nb4 20. Bxb4 cxb4 21. e5
Bf8 22. c5 Nxc5 23. Rfc1 Rec8 24. Qf2 Qd7 25. Qxd4 Qxd4+ 26. Nxd4 Rxa5 27. Bxb7
Rd8 28. Nc6 Nxb7 29. d4 Rad5 30. Nxd8 Nxd8 31. Rc4 Rxd4 32. Rxd4 Bc5 33. Kg2
Bxd4 34. Rd1 Nc6 35. Kf3 Bc3 36. Rd7 Nd4+ 37. Ke4 Ne2 38. Rd1 Bb2 39. Rd2 Nc3+
40. Kd3 Ba3 41. h4 Kg7 42. Rc2 h5 43. Kd4 Nd5 44. Ke4 Kf8 45. Kd4 Ke7 46. Ke4
Kd7 47. Kd4 Nc3 48. Kc4 Kc6 49. Rd2 Nd5 50. Re2 Bc1 51. Re1 Be3 52. Re2 Bc5 53.
Rd2 Ne3+ 54. Kd3 Nf5 55. Rg2 Kd5 56. g4 hxg4 57. Rxg4 Be7 58. Rg1 Bxh4 59. Rc1
Be7 60. Rc7 g5 61. Rd7+ Kc6 62. Ra7 g4 63. Ke4 g3 64. Kf3 Kb5 65. Rc7 Kb6 66.
Rc8 Bc5 67. Rb8+ Kc6 68. Rc8+ Kd5 69. Rc7 Be7 70. Rc8 Kd4 71. Rc7 Kd3 72. Rc8
Kd2 73. Rc4 g2 74. Kf2 Kd3 75. Rc7 Ke4 76. Rc4+ Kd5 77. Rc7 g1=Q+ 78. Kxg1 Ke4
79. Rc4+ Kf3 80. Kh2 Bf8 81. Kh3 Be7 82. Kh2 Ke3 83. Kh3 Kd3 84. Rc7 Kd4 85.
Kg4 Ne3+ 86. Kf3 Nd5 87. Rd7 Kc5 88. Ra7 Kb6 89. Rd7 Kc6 90. Ra7 Nc7 91. Ke4
Bc5 0-1

[Event "Ostravský koník 2017 - MÈR"]
[Site "Ostrava"]
[Date "2017.04.30"]
[Round "2"]
[White "Belunek, Vladimir"]
[Black "Malinovsky, Petr"]
[Result "1/2-1/2"]
[WhiteElo "2248"]
[BlackElo "2024"]
[PlyCount "73"]

1. d4 d5 2. c4 e6 3. Nf3 c6 4. Qc2 Nd7 5. cxd5 exd5 6. Nc3 Ngf6 7. Bg5 Be7 8.
e3 h6 9. Bh4 O-O 10. Bd3 Re8 11. O-O Ne4 12. Bxe4 Bxh4 13. Bh7+ Kh8 14. Bd3 Bf6
15. b4 a6 16. a4 Nf8 17. Rfc1 Bg4 18. Nd2 Bh5 19. Nb3 Bg6 20. Nc5 Qe7 21. Bxg6
Nxg6 22. Nd3 Nh4 23. b5 axb5 24. axb5 Rxa1 25. Rxa1 c5 26. Nf4 cxd4 27. Ncxd5
Qe5 28. Re1 Bg5 29. Qb1 Nf5 30. g3 Bxf4 31. Nxf4 dxe3 32. fxe3 Nxe3 33. Qd3 Qc5
34. Kh1 Re5 35. Ng2 Nxg2 36. Rxe5 Qxe5 37. Kxg2 1/2-1/2

[Event "Ostravský koník 2017 - MÈR"]
[Site "Ostrava"]
[Date "2017.04.30"]
[Round "2"]
[White "Machycek, Lubomir"]
[Black "Psenicka, Pavel"]
[Result "1/2-1/2"]
[WhiteElo "2222"]
[BlackElo "2019"]
[PlyCount "32"]

1. c4 Nf6 2. Nf3 g6 3. g3 Bg7 4. Bg2 O-O 5. O-O d6 6. Nc3 e5 7. d4 Nbd7 8. e4
c6 9. h3 Re8 10. Re1 exd4 11. Nxd4 a5 12. Be3 Nc5 13. Qc2 a4 14. Rad1 Nfd7 15.
f4 Qa5 16. Bf2 Nb6 1/2-1/2

[Event "Ostravský koník 2017 - MÈR"]
[Site "Ostrava"]
[Date "2017.04.30"]
[Round "2"]
[White "Malik, Jan"]
[Black "Sobek, Jaroslav"]
[Result "0-1"]
[WhiteElo "2290"]
[BlackElo "2202"]
[PlyCount "68"]

1. e4 c5 2. Nf3 d6 3. d4 cxd4 4. Nxd4 Nf6 5. Nc3 a6 6. Bc4 e6 7. Bb3 Nbd7 8. f4
Nc5 9. Qf3 Be7 10. f5 e5 11. Nde2 b5 12. Bg5 Nxb3 13. axb3 Bb7 14. Bxf6 Bxf6
15. O-O Rc8 16. b4 Rc4 17. Rfd1 Qb6+ 18. Kh1 O-O 19. Ng3 Rfc8 20. Nh5 Qd8 21.
Rd3 Rd4 22. Qg4 Rcc4 23. Rg3 Bxe4 24. Nxe4 Rxe4 25. Qf3 d5 26. Nxg7 Bxg7 27. f6
Rf4 28. Rxg7+ Kf8 29. Qg3 Qxf6 30. Rg8+ Ke7 31. Kg1 Rxc2 32. Rb8 Qg6 33. Qh3
Rxg2+ 34. Kh1 Rfg4 0-1

[Event "Ostravský koník 2017 - MÈR"]
[Site "Ostrava"]
[Date "2017.04.30"]
[Round "2"]
[White "Macicek, Jakub"]
[Black "Novosadova, Kristyna"]
[Result "0-1"]
[WhiteElo "2284"]
[BlackElo "2198"]
[PlyCount "76"]

1. e4 e5 2. Nf3 Nc6 3. Bb5 a6 4. Bxc6 dxc6 5. O-O f6 6. d4 Bg4 7. dxe5 Qxd1 8.
Rxd1 fxe5 9. Rd3 Bd6 10. Nbd2 b5 11. b3 Ne7 12. Bb2 Ng6 13. g3 O-O 14. Kg2 h6
15. h3 Bc8 16. Nf1 c5 17. N3d2 Bb7 18. f3 h5 19. h4 Ne7 20. Ne3 g6 21. Nd5 Nc6
22. c3 Rf7 23. a4 Bf8 24. axb5 axb5 25. Rxa8 Bxa8 26. c4 b4 27. f4 Bg7 28. Nf3
exf4 29. Bxg7 Kxg7 30. gxf4 Ne7 31. Ng5 Nxd5 32. cxd5 Re7 33. Nf3 Rxe4 34. Kg3
c4 35. bxc4 Rxc4 36. Ne5 Rc3 37. f5 Bxd5 38. fxg6 Be4 0-1

[Event "Ostravský koník 2017 - MÈR"]
[Site "Ostrava"]
[Date "2017.04.30"]
[Round "2"]
[White "Kolar, Stanislav"]
[Black "Jurek, Josef"]
[Result "1-0"]
[WhiteElo "2094"]
[BlackElo "2277"]
[PlyCount "99"]

1. Nf3 Nf6 2. e3 g6 3. c4 c5 4. Nc3 Bg7 5. d4 O-O 6. Be2 b6 7. O-O cxd4 8. exd4
Bb7 9. Be3 d5 10. Rc1 Nc6 11. a3 e6 12. h3 dxc4 13. Bxc4 Rc8 14. Qe2 Ne7 15.
Ba6 Bxa6 16. Qxa6 Nfd5 17. Nxd5 Nxd5 18. Qxa7 Ra8 19. Qb7 Re8 20. Qc6 Qb8 21.
Bd2 Qa7 22. Rc2 Qa6 23. Rfc1 h6 24. Qc4 Qb7 25. a4 Red8 26. Qb5 Qd7 27. Qxd7
Rxd7 28. Rc8+ Rd8 29. Rxd8+ Rxd8 30. Kf1 Ne7 31. Rc4 Nf5 32. Bc3 Rb8 33. Ne5
Rd8 34. Nc6 Rd7 35. Rb4 Kh7 36. Rxb6 Rc7 37. Ne5 Ne7 38. a5 Nd5 39. Rb3 Bxe5
40. dxe5 Rc4 41. Ra3 Nxc3 42. Rxc3 Rb4 43. Ra3 Rxb2 44. a6 Rb8 45. a7 Ra8 46.
Ke2 g5 47. Kd3 Kg6 48. g4 h5 49. Kc4 f5 50. f3 1-0

[Event "Ostravský koník 2017 - FIDE Open A"]
[Site "Ostrava"]
[Date "2017.04.30"]
[Round "2"]
[White "Mladek, Richard"]
[Black "Vesselovsky, Serguei"]
[Result "1/2-1/2"]
[WhiteElo "2115"]
[BlackElo "2344"]
[PlyCount "70"]

1. e4 c5 2. Nf3 d6 3. d4 cxd4 4. Qxd4 Nf6 5. Nc3 Nc6 6. Bb5 e5 7. Qd3 h6 8. O-O
Be7 9. Be3 O-O 10. Nd5 Nxd5 11. exd5 Nb8 12. Nd2 Nd7 13. b4 f5 14. f3 Bg5 15.
Bxd7 Bxd7 16. Bxg5 hxg5 17. c4 a5 18. c5 axb4 19. Qc4 Rc8 20. Nb3 dxc5 21. d6+
Kh7 22. Rfe1 Qf6 23. Qd5 Be6 24. Qxe5 Bxb3 25. axb3 Qxe5 26. Rxe5 Rfd8 27. Rd1
Rc6 28. Rxf5 c4 29. bxc4 Rxc4 30. Rf7 b6 31. Rb7 g4 32. fxg4 Rxg4 33. Rxb6 Rg6
34. Rxb4 Rgxd6 35. Rxd6 Rxd6 1/2-1/2

[Event "Ostravský koník 2017 - MÈR"]
[Site "Ostrava"]
[Date "2017.05.01"]
[Round "3"]
[White "Krejci, Jan"]
[Black "Simacek, Pavel"]
[Result "1/2-1/2"]
[WhiteElo "2520"]
[BlackElo "2480"]
[PlyCount "73"]

1. d4 Nf6 2. Nf3 c5 3. d5 e6 4. Nc3 exd5 5. Nxd5 Nxd5 6. Qxd5 Nc6 7. Bg5 Be7 8.
Bxe7 Qxe7 9. e3 O-O 10. Bd3 d6 11. Qh5 g6 12. Qh6 Ne5 13. Nxe5 Qxe5 14. O-O-O
Be6 15. Kb1 c4 16. Be2 c3 17. Rd4 Rfc8 18. Rh4 Qa5 19. a4 cxb2 20. Rd1 Rxc2 21.
Qxh7+ Kf8 22. Kxc2 Rc8+ 23. Kb1 Rc1+ 24. Rxc1 bxc1=R+ 25. Kxc1 Qc3+ 26. Kb1
Qb3+ 27. Kc1 Qc3+ 28. Kb1 Qe1+ 29. Kc2 Qxe2+ 30. Kc3 Qe1+ 31. Kd3 Qf1+ 32. Kc3
Ke7 33. Rd4 Qc1+ 34. Kd3 Qd1+ 35. Kc3 Qc1+ 36. Kd3 Qd1+ 37. Ke4 1/2-1/2

[Event "Ostravský koník 2017 - MÈR"]
[Site "Ostrava"]
[Date "2017.05.01"]
[Round "3"]
[White "Velicka, Petr"]
[Black "Hracek, Zbynek"]
[Result "1/2-1/2"]
[WhiteElo "2432"]
[BlackElo "2610"]
[PlyCount "181"]

1. d4 Nf6 2. c4 e6 3. g3 d5 4. Nf3 Be7 5. Bg2 O-O 6. O-O dxc4 7. Qa4 a6 8. Qxc4
b5 9. Qc2 Bb7 10. Bd2 Bd6 11. Bg5 Nbd7 12. Nc3 c5 13. dxc5 Bxc5 14. Ne5 Bxg2
15. Nxd7 Qxd7 16. Kxg2 Qb7+ 17. f3 Rac8 18. Rad1 Be7 19. Qb3 Rc7 20. Rd3 b4 21.
Bxf6 gxf6 22. Ne4 Qb5 23. Rfd1 f5 24. Nf2 Rfc8 25. e4 fxe4 26. Nxe4 Qc4 27.
Qxc4 Rxc4 28. R1d2 Rc2 29. Rxc2 Rxc2+ 30. Rd2 Rc6 31. g4 h6 32. f4 f5 33. gxf5
exf5 34. Ng3 Rc5 35. Kf3 Kf7 36. Rd7 Ra5 37. Rb7 Ke6 38. Rb6+ Bd6 39. Ne2 Kd5
40. Nc1 h5 41. Nd3 Ra4 42. b3 Rxa2 43. Nxb4+ Bxb4 44. Rxb4 Rxh2 45. Ra4 Rh3+
46. Kg2 Rxb3 47. Rxa6 Ke4 48. Rh6 Kxf4 49. Rxh5 Kg4 50. Rh8 Rb2+ 51. Kg1 f4 52.
Rg8+ Kf3 53. Rf8 Rb1+ 54. Kh2 Rb4 55. Kg1 Rd4 56. Rf7 Rd8 57. Rf6 Rd1+ 58. Kh2
Ke3 59. Kg2 Rd2+ 60. Kf1 Kf3 61. Kg1 Rg2+ 62. Kf1 Rd2 63. Kg1 Rd1+ 64. Kh2 Rf1
65. Ra6 Re1 66. Rf6 Re4 67. Kg1 Ra4 68. Rf8 Ra1+ 69. Kh2 Ke3 70. Kg2 Ra2+ 71.
Kf1 Kf3 72. Kg1 Ra4 73. Rf7 Ra1+ 74. Kh2 Rf1 75. Ra7 Rf2+ 76. Kg1 Re2 77. Rf7
Re1+ 78. Kh2 Re4 79. Kg1 Ke2 80. Ra7 Re3 81. Ra2+ Kf3 82. Kf1 Rb3 83. Rf2+ Kg4
84. Rg2+ Rg3 85. Ra2 Rh3 86. Rg2+ Kf3 87. Rf2+ Ke4 88. Re2+ Re3 89. Kf2 Kd5 90.
Rxe3 fxe3+ 91. Kxe3 1/2-1/2

[Event "Ostravský koník 2017 - MÈR"]
[Site "Ostrava"]
[Date "2017.05.01"]
[Round "3"]
[White "Kraus, Tomas"]
[Black "Babula, Vlastimil"]
[Result "1/2-1/2"]
[WhiteElo "2418"]
[BlackElo "2559"]
[PlyCount "27"]

1. d4 Nf6 2. c4 e6 3. Nf3 b6 4. a3 Bb7 5. Nc3 d5 6. Bf4 dxc4 7. e3 Nd5 8. Bxc4
Nxf4 9. exf4 Bd6 10. O-O O-O 11. d5 exd5 12. Bxd5 Bxd5 13. Qxd5 Nd7 14. Rad1
1/2-1/2

[Event "Ostravský koník 2017 - MÈR"]
[Site "Ostrava"]
[Date "2017.05.01"]
[Round "3"]
[White "Caletka, Radomir"]
[Black "Cvek, Robert"]
[Result "1/2-1/2"]
[WhiteElo "2349"]
[BlackElo "2518"]
[PlyCount "82"]

1. c4 e5 2. Nc3 Nf6 3. Nf3 Nc6 4. e3 Be7 5. Qb3 O-O 6. d3 Re8 7. Be2 Bb4 8. Bd2
Bxc3 9. Bxc3 d5 10. cxd5 Nxd5 11. O-O a5 12. Qc2 Bg4 13. Rfd1 Nxc3 14. bxc3 Qd6
15. Rab1 b6 16. Ng5 Bxe2 17. Qxe2 Qg6 18. Ne4 f5 19. Ng3 f4 20. Ne4 Rf8 21. Qf3
Rad8 22. Rb5 h6 23. h3 Qe6 24. Rb2 Ne7 25. exf4 Nd5 26. f5 Rxf5 27. Qg4 Qf7 28.
Rbd2 Rf4 29. Qg3 Re8 30. Re1 Re6 31. Kh1 Rg6 32. Qh2 Kh7 33. Rc2 Rf5 34. Rd2
Rf4 35. Rc2 Qf8 36. Qg1 Rh4 37. Ng3 Rg5 38. Re4 Rf4 39. Qe1 c6 40. Kh2 Qf6 41.
Rce2 Qg6 1/2-1/2

[Event "Ostravský koník 2017 - MÈR"]
[Site "Ostrava"]
[Date "2017.05.01"]
[Round "3"]
[White "Rasik, Vitezslav"]
[Black "Obsivac, Josef"]
[Result "1/2-1/2"]
[WhiteElo "2467"]
[BlackElo "2361"]
[PlyCount "59"]

1. e4 e6 2. d3 d5 3. Nd2 c5 4. Ngf3 Nc6 5. g3 g6 6. Bg2 Bg7 7. O-O Nf6 8. exd5
Nxd5 9. Re1 O-O 10. Nc4 Qc7 11. a4 b6 12. h4 h6 13. c3 Bb7 14. a5 Rad8 15. axb6
axb6 16. Qb3 Ra8 17. Bd2 Rfd8 18. Nh2 Kh7 19. Ng4 Ra6 20. Nge3 Nxe3 21. Bxe3
Rda8 22. Rxa6 Rxa6 23. Bf4 e5 24. Bd2 Na5 25. Nxa5 Rxa5 26. Bxb7 Qxb7 27. d4
cxd4 28. cxd4 Rd5 29. h5 exd4 30. hxg6+ 1/2-1/2

[Event "Ostravský koník 2017 - MÈR"]
[Site "Ostrava"]
[Date "2017.05.01"]
[Round "3"]
[White "Dolezal, Radoslav"]
[Black "Cernousek, Lukas"]
[Result "1/2-1/2"]
[WhiteElo "2399"]
[BlackElo "2462"]
[PlyCount "60"]

1. e4 c5 2. Nf3 d6 3. c3 Nf6 4. Bd3 Bg4 5. h3 Bh5 6. Bc2 Nc6 7. d3 e6 8. Nbd2
d5 9. Qe2 Qc7 10. Nf1 h6 11. Ng3 Bg6 12. Ba4 dxe4 13. dxe4 Nd7 14. O-O Be7 15.
Nh2 O-O 16. f4 Rfe8 17. Bc2 a6 18. Nf3 b5 19. h4 Rad8 20. h5 Bh7 21. Be3 c4 22.
Rad1 Bc5 23. Nd4 e5 24. Nxc6 Qxc6 25. f5 Nf6 26. Rxd8 Rxd8 27. Rd1 Rxd1+ 28.
Bxd1 Ng4 29. Bxc5 Qxc5+ 30. Kf1 Nf6 1/2-1/2

[Event "Ostravský koník 2017 - MÈR"]
[Site "Ostrava"]
[Date "2017.05.01"]
[Round "3"]
[White "Haba, Petr"]
[Black "Vlasak, Lukas"]
[Result "1/2-1/2"]
[WhiteElo "2458"]
[BlackElo "2375"]
[PlyCount "35"]

1. e4 c5 2. Nf3 e6 3. d4 cxd4 4. Nxd4 Nf6 5. Nc3 d6 6. Be2 Be7 7. Be3 O-O 8.
Qd2 a6 9. f4 Nc6 10. O-O-O Qc7 11. g4 b5 12. g5 Nxd4 13. Qxd4 Ne8 14. Rhg1 Rb8
15. a3 d5 16. Qa7 b4 17. Qxc7 Nxc7 18. axb4 1/2-1/2

[Event "Ostravský koník 2017 - MÈR"]
[Site "Ostrava"]
[Date "2017.05.01"]
[Round "3"]
[White "Olsarova, Karolina"]
[Black "Malinovsky, Karel"]
[Result "0-1"]
[WhiteElo "2245"]
[BlackElo "2479"]
[PlyCount "118"]

1. e4 e5 2. Nf3 Nc6 3. Bb5 a6 4. Ba4 Nf6 5. O-O Be7 6. Re1 b5 7. Bb3 d6 8. c3
O-O 9. h3 Bb7 10. d4 Re8 11. Nbd2 Bf8 12. d5 Nb8 13. Nf1 Nbd7 14. N3h2 c6 15.
dxc6 Bxc6 16. Bg5 Qc7 17. f3 a5 18. a3 Be7 19. Bxf6 Bxf6 20. Ne3 Nb6 21. Qe2
Rab8 22. Red1 Red8 23. Nd5 Bxd5 24. Bxd5 Qc5+ 25. Kh1 Bg5 26. Nf1 h5 27. f4
Bxf4 28. Qxh5 Nxd5 29. Rxd5 Qf2 30. b4 Qb2 31. Qd1 a4 32. Nd2 Qxc3 33. Nf3 g6
34. Qe1 Qb2 35. Qb1 Qxb1+ 36. Rxb1 Kf8 37. Kg1 Ke7 38. Kf2 Rdc8 39. Ne1 Rc4 40.
g3 Bh6 41. Rbd1 Rb6 42. Kf3 f5 43. exf5 gxf5 44. Kf2 Ke6 45. Ng2 Rc2+ 46. Kf1
Rc3 47. R5d3 Rxd3 48. Rxd3 d5 49. g4 e4 50. gxf5+ Ke5 51. Rc3 Rf6 52. Ke2 Rxf5
53. Rc5 Kd4 54. Rc6 e3 55. Ne1 Rf2+ 56. Kd1 Bf4 57. Nc2+ Ke5 58. Ne1 Rd2+ 59.
Kc1 e2 0-1